000 00200nam a2200109Ia 4500
100 _a#N/A
942 _cBK
245 _aDigit january 2013 alpha
260 _b#N/A
546 _aENGLISH
999 _c23032
_d23032